| 000 | 00686nam a2200217 a 4500 | ||
|---|---|---|---|
| 005 | 20241109063727.0 | ||
| 008 | 031126s2000 mx r 000 0 spa d | ||
| 020 | _a8474856876 | ||
| 035 | _aUPN01000131010 | ||
| 049 | _aCG | ||
| 050 | 4 |
_aK3240.4 _bF7.2 |
|
| 100 | 1 | _aFranco del Pozo, Mercedes | |
| 245 | 1 | 3 |
_aEl derecho humano a un medio ambiente adecuado / _cMercedes Franco del Pozo. |
| 260 |
_aBilbao, Esp. : _bUniversidad de Deusto, _c2000. |
||
| 300 | _a85 p. | ||
| 440 | 0 |
_aCuadernos Deusto de derechos humanos ; _v8 |
|
| 500 | _aEn la cubierta: Instituto de Derechos Humanos | ||
| 650 | 4 |
_aDerechos humanos _95797 |
|
| 650 | 4 |
_aDERECHO AMBIENTAL _913267 |
|
| 905 | _aLibro | ||
| 999 |
_c103165 _d103165 |
||